| 000 | 00727nam a2200205 a 4500 | ||
|---|---|---|---|
| 005 | 20240419063740.0 | ||
| 008 | 991125m20002004mx 000 0 spa u | ||
| 020 | _a9681902556 | ||
| 035 | _aUPN01000151593 | ||
| 049 | _aI | ||
| 050 | 4 |
_aPZ34 _bE5.8a |
|
| 100 | 1 |
_aEnde, Michael, _d1929-1995 _930965 |
|
| 245 | 1 | 0 |
_aMomo, o, La extraña historia de los ladrones del tiempo y de la niña que devolvió el tiempo a los hombres / _cMichel Ende. |
| 260 |
_aMéxico : _bAlfaguara, _c2000. |
||
| 300 |
_a274 p. : _bil. |
||
| 650 | 4 |
_aCUENTOS ALEMANES _98048 |
|
| 650 | 0 |
_aCuentos de hadas _95259 |
|
| 740 | 3 | _aLa extraña historia de los ladrones del tiempo y de la niña que devolvió el tiempo a los hombres | |
| 905 | _aInfantil | ||
| 999 |
_c123729 _d123729 |
||